Understanding Emotional IQ (Record no. 91019)

MARC details
000 -LEADER
fixed length control field 00512nam a2200205Ia 4500
005 - DATE AND TIME OF LATEST TRANSACTION
control field 20251120141639.0
008 - FIXED-LENGTH DATA ELEMENTS--GENERAL INFORMATION
fixed length control field 230125s9999 xx 000 0 und d
020 ## - INTERNATIONAL STANDARD BOOK NUMBER
International Standard Book Number 81-223-0722-8
041 ## - LANGUAGE CODE
Language code of text/sound track or separate title eng
082 ## - DEWEY DECIMAL CLASSIFICATION NUMBER
Classification number 158.1
Item number COD
100 ## - MAIN ENTRY--PERSONAL NAME
Author Codaty J
245 ## - TITLE STATEMENT
Title Understanding Emotional IQ
260 ## - PUBLICATION, DISTRIBUTION, ETC.
Date of publication, distribution, etc. 2004
Name of publisher, distributor, etc. Pustak Mahal
Place of publication, distribution, etc. Delhi
300 ## - PHYSICAL DESCRIPTION
Extent 125p
500 ## - GENERAL NOTE
Keywords Personality Development
650 ## - SUBJECT ADDED ENTRY--TOPICAL TERM
Topical term or geographic name entry element Personality Development
700 ## - ADDED ENTRY--PERSONAL NAME
Personal name Codaty J
942 ## - ADDED ENTRY ELEMENTS (KOHA)
Koha item type Books
906 ## - LOCAL DATA ELEMENT F, LDF (RLIN)
b 14
Holdings
Withdrawn status Lost status Damaged status Not for loan Home library Current library Date acquired Vendor Net Price Bill number Total Checkouts Full call number Barcode Date last seen Actual Price Bill Date Koha item type Original Barcode
        Smt. Hiraben Nanavati Institute of Management & Research for Women Smt. Hiraben Nanavati Institute of Management & Research for Women 31/03/2008 Bookland 68.00 6933   158.1 COD B06448 HIMR-BK-6448 25/01/2023 54.00 29/03/2008 Books B06448